Soybeans: chemistry and technology. Vol 1: proteins
Tallennettuna:
| Aineistotyyppi: | Kirja |
|---|---|
| Kieli: | Undetermined |
| Julkaistu: |
USA
AVI Publishing Company, In
1978
|
| Aiheet: | |
| Tagit: |
Lisää tagi
Ei tageja, Lisää ensimmäinen tagi!
|
| Thư viện lưu trữ: | Trung tâm Học liệu Trường Đại học Cần Thơ |
|---|
| LEADER | 00505nam a2200157Ia 4500 | ||
|---|---|---|---|
| 001 | CTU_38735 | ||
| 008 | 210402s9999 xx 000 0 und d | ||
| 082 | |a 633.34 | ||
| 082 | |b S642 | ||
| 245 | 0 | |a Soybeans: chemistry and technology. Vol 1: proteins | |
| 260 | |a USA | ||
| 260 | |b AVI Publishing Company, In | ||
| 260 | |c 1978 | ||
| 650 | |a plant proteins,soybean,soybean - composition,soybean as food,soybean products | ||
| 904 | |i Liên, 990821 | ||
| 980 | |a Trung tâm Học liệu Trường Đại học Cần Thơ | ||